AH International Schools' Libraries

Bones and muscles / (Record no. 47727)

MARC details
000 -LEADER
fixed length control field 00357nam a2200133 4500
020 ## - INTERNATIONAL STANDARD BOOK NUMBER
International Standard Book Number 9781445166728
100 ## - MAIN ENTRY--PERSONAL NAME
Personal name Royston, Angela
9 (RLIN) 58810
245 ## - TITLE STATEMENT
Title Bones and muscles /
Statement of responsibility, etc Angela Royston
260 ## - PUBLICATION, DISTRIBUTION, ETC. (IMPRINT)
Place of publication, distribution, etc London
Name of publisher, distributor, etc Franklin Watts
Date of publication, distribution, etc 2015
300 ## - PHYSICAL DESCRIPTION
Extent 32 p.
Other physical details col. ill.
Dimensions 27 cm.
490 ## - SERIES STATEMENT
Series statement Your body inside and out!
650 ## - SUBJECT ADDED ENTRY--TOPICAL TERM
Topical term or geographic name as entry element Human Body
942 ## - ADDED ENTRY ELEMENTS (KOHA)
Source of classification or shelving scheme
Koha item type Book
Holdings
Withdrawn status Lost status Source of classification or shelving scheme Damaged status Not for loan Collection code Home library Current library Shelving location Date acquired Total Checkouts Full call number Barcode Date last seen Date checked out Price effective from Koha item type
          TEACHERS' RESOURCES Asian Hope Primary Library Asian Hope Primary Library Non Fiction 11/01/2024 1 612 ROY 204787 09/03/2025 03/25/2025 11/01/2024 Book

For any Logos Library related questions please contact Miss Art at swongnarasuk@asianhope.org.

For any Asian Hope Library related questions please contact Miss Raza at graza@asianhope.org.

Powered by Koha